Word Ladder: A Continent's Hit Single? Quiz Stats

 Plays Quiz Updated Mar 9, 2018

Challenge
Share
Tweet
Embed
Score 0/20 Timer 03:00
5 Plays Today
Clue 4-Letter Word % Correct
Earl Grey and oolongTEAS
92%
🎸 Largest continent; English rock band 🎸🎸 ASIA 🎸
92%
Golfer's supportsTEES
91.8%
Color akin to cyanTEAL
87.7%
Ocho minus cincoTRES
87.5%
Game piece; roof slabTILE
86.3%
♪ Measure the duration of ♪♪ TIME ♪
86%
Opera melodyARIA
85.5%
♪ Express in words ♪♪ TELL ♪
82.3%
Belligerent son of ZeusARES
81.2%
Clue 4-Letter Word % Correct
Interior designer's statisticAREA
80.6%
Spring flower; girl's nameLILY
80.4%
Waterhole; healthyWELL
80.4%
Well-lubricatedOILY
77.8%
Caustic calcium oxideLIME
77.6%
♪ Single, no more than ♪♪ ONLY ♪
74.3%
♪ Fixed intention ♪♪ WILL ♪
72.1%
Stratagem meant to foolWILE
70.8%
Bit of dialogueLINE
70.1%
Full of streaksLINY
63.9%

Today's Daily Dose

You're not logged in!

Compare scores with friends on all Sporcle quizzes.
OR
Log In

You Might Also Like...

Show Comments

Extras

Top Quizzes Today


Score Distribution

Your Account Isn't Verified!

In order to create a playlist on Sporcle, you need to verify the email address you used during registration. Go to your Sporcle Settings to finish the process.

Report this User

Report this user for behavior that violates our Community Guidelines.

Details: